000 00718nas a2200253 a 4500
001 000860757
003 AM-YeHGA
005 20250617145101.0
008 120123s1991 it quzp r 0 0ita d
040 _aAM-YeHGA
041 0 _aita
222 0 0 _aAtlante
245 1 0 _aAtlante :
_bAlla scoperta del mondo /
_cInstituto Geografico De Agostini(Navara).
260 _aMilano :
_bInstituto Geografico De Agostini,
_c1991.
300 _av.
310 _aUnknown
362 0 _aNr. 312(1991-)
504 _aIncludes bibliogr. references and index
650 0 4 _aԱմսագիր
650 1 4 _aGeography
_vPeriodicals
710 2 _aInstituto Geografico De Agostini(Navara)
942 _2udc
_cCR
090 _c307656
999 _c305949
_d305949